[Event "Mechanics' Winter TNM; 30/90, SD/30"]
[Site "San Francisco"]
[Date "2010.02.23"]
[Round "8.14"]
[White "Macintyre, Brendan"]
[Black "Bookman, Zachary"]
[Result "1/2-1/2"]
[WhiteElo "1681"]
[BlackElo "1465"]
[PlyCount "109"]
[EventDate "2010.??.??"]

1. d4 d5 2. c4 e6 3. Nc3 Nf6 4. Bf4 Nc6 5. Nf3 Be7 6. e3 Nh5 7. Bg3 O-O 8. Bd3
Nxg3 9. fxg3 Nb4 10. Be2 c5 11. O-O cxd4 12. exd4 dxc4 13. Bxc4 Qb6 14. a3 Nc6
15. Na4 Qd8 16. b4 Bf6 17. Ra2 Nxd4 18. Rd2 Nxf3+ 19. gxf3 Qc7 20. Bb3 Rd8 21.
Nc5 b6 22. Ne4 Be7 23. Rxd8+ Bxd8 24. Nd6 Ba6 25. Rf2 Be7 26. Rd2 Rd8 27. Ne4
Bb7 28. Rxd8+ Bxd8 29. Nd6 Ba8 30. Nb5 Qe7 31. Nxa7 Qf6 32. Kg2 h5 33. Qd3 Bc7
34. Nb5 Bb8 35. Bc2 g6 36. Nc3 h4 37. Ne4 Qe7 38. Qc4 Bb7 39. Nf2 hxg3 40. hxg3
Qf6 41. Be4 Bxe4 42. Nxe4 Qb2+ 43. Kh3 Kg7 44. a4 Qb1 45. Nf2 Qf5+ 46. Kg2 Qe5
47. Qg4 f5 48. Qg5 Bd6 49. b5 Bc5 50. Qd2 Kf6 51. Nd3 Qd4 52. Qc2 Qg1+ 53. Kh3
Qh1+ 54. Qh2 Qxf3 55. Qb2+ {Both sides stopped keeping score in time pressure.}
1/2-1/2

[Event "Mechanics' Winter TNM; 30/90, SD/30"]
[Site "San Francisco"]
[Date "2010.01.12"]
[Round "2.21"]
[White "Macintyre, Brendan"]
[Black "Hilliard, Michael"]
[Result "1-0"]
[WhiteElo "1681"]
[BlackElo "1447"]
[PlyCount "51"]
[EventDate "2010.??.??"]

1. d4 d5 2. c4 e6 3. Nc3 Nf6 4. Nf3 c5 5. e3 Nc6 6. a3 a6 7. Bd3 Be7 8. O-O O-O
9. Re1 Re8 10. dxc5 Bxc5 11. b4 dxc4 12. Bxc4 Bd6 13. Bb2 b5 14. Bd3 e5 15. Ne4
Bb7 16. Nxd6 Qxd6 17. Bxh7+ Kxh7 18. Qxd6 Rad8 19. Qc7 Re7 20. Qb6 Ne4 21. Nxe5
Rd6 22. Nxc6 Red7 23. Qa7 Rxc6 24. Qb8 Rc8 25. Qe5 f6 26. Qf5+ 1-0

[Event "Mechanics' Winter TNM; 30/90, SD/30"]
[Site "San Francisco"]
[Date "2010.01.26"]
[Round "4.21"]
[White "Macintyre, Brendan"]
[Black "Mar, Henry"]
[Result "0-1"]
[WhiteElo "1681"]
[BlackElo "1500"]
[PlyCount "76"]
[EventDate "2010.??.??"]

1. d4 Nf6 2. c4 e6 3. Nc3 d5 4. e3 c6 5. Nf3 Be7 6. Bd3 Nbd7 7. O-O O-O 8. Qc2
Re8 9. e4 dxe4 10. Nxe4 Nf8 11. Bg5 Nxe4 12. Bxe7 Qxe7 13. Bxe4 Bd7 14. Rfe1
Rad8 15. Rad1 f5 16. Bd3 Ng6 17. Qb3 b6 18. Ne5 Nxe5 19. Rxe5 Qf6 20. Rde1 g6
21. Qb4 Qe7 22. Qd2 Qf6 23. f4 h5 24. R1e3 Kg7 25. Qe2 h4 26. Rh3 Rh8 27. g4
hxg3 28. Rxg3 Kf7 29. Rg5 Rh4 30. Qf2 Rdh8 31. Rg2 Rh3 32. Bf1 Qh4 33. Qxh4
R3xh4 34. Rf2 Rg4+ 35. Kh1 Rhh4 36. d5 Rxf4 37. Rxf4 Rxf4 38. Be2 Kf6 0-1

[Event "Mechanics' Winter TNM; 30/90, SD/30"]
[Site "San Francisco"]
[Date "2010.02.09"]
[Round "6.19"]
[White "Macintyre, Brendan"]
[Black "Montoya, Daniel"]
[Result "1-0"]
[WhiteElo "1681"]
[BlackElo "1398"]
[PlyCount "55"]
[EventDate "2010.??.??"]

1. d4 d5 2. c4 Nc6 3. Nc3 dxc4 4. e3 e5 5. d5 Na5 6. Qa4+ c6 7. dxc6 Nxc6 8.
Bxc4 Nf6 9. Nf3 Bd6 10. Ng5 O-O 11. Nge4 Nxe4 12. Nxe4 Bc7 13. O-O Bf5 14. Ng3
Bg6 15. e4 a6 16. Bd5 Bb6 17. Bxc6 bxc6 18. Qxc6 Rc8 19. Qa4 Qf6 20. b4 Rfd8
21. Rb1 Rd4 22. Be3 Rdc4 23. Bxb6 Qxb6 24. Qd7 Qb8 25. b5 axb5 26. Rxb5 Qa8 27.
Rxe5 Qxa2 28. Re8+ 1-0

[Event "Mechanics' Winter TNM; 30/90, SD/30"]
[Site "San Francisco"]
[Date "2010.02.02"]
[Round "5.1"]
[White "Manvelyan, Hayk"]
[Black "Argishti, Dante"]
[Result "1/2-1/2"]
[WhiteElo "2074"]
[BlackElo "2026"]
[PlyCount "97"]
[EventDate "2010.??.??"]

1. d4 d5 2. c4 e6 3. Nf3 c6 4. Nc3 Nf6 5. e3 Bd6 6. Bd3 O-O 7. O-O Nbd7 8. e4
dxe4 9. Nxe4 Nxe4 10. Bxe4 Nf6 11. Bd3 Qc7 12. Qc2 h6 13. Bd2 b6 14. Rae1 Bb7
15. Qc1 c5 16. Bxh6 Ng4 17. Bd2 Bxf3 18. gxf3 Nxh2 19. Kg2 Nxf1 20. Rxf1 cxd4
21. Rh1 f5 22. Rh4 Qf7 23. Qh1 Qf6 24. f4 Kf7 25. Be2 Rg8 26. Rh7 Ke7 27. Kf1
Rac8 28. a3 Rc7 29. Bd3 Qg6 30. Qh4+ Kd7 31. c5 Rxc5 32. b4 Rd5 33. Bc4 Rc8 34.
Bxd5 exd5 35. Rh8 Bf8 36. Qh3 Qe6 37. Qd3 Qe4 38. Qb5+ Ke7 39. Qa4 Rc7 40. b5
Kf7 41. Qd1 g6 42. Rh7+ Bg7 43. Qb3 Kg8 44. Rh3 Re7 45. Kg1 Rc7 46. Rg3 Kf7 47.
f3 Qe6 48. a4 Rc4 49. a5 {Drawn a few moves later in mutual time pressure.}
1/2-1/2

[Event "Mechanics' Winter TNM; 30/90, SD/30"]
[Site "San Francisco"]
[Date "2010.01.12"]
[Round "2.5"]
[White "Manvelyan, Hayk"]
[Black "Sanguinetti, George"]
[Result "1-0"]
[WhiteElo "2074"]
[BlackElo "1980"]
[PlyCount "59"]
[EventDate "2010.??.??"]

1. d4 d5 2. c4 e6 3. Nc3 c5 4. cxd5 exd5 5. Nf3 Nc6 6. e3 Nf6 7. dxc5 Bxc5 8.
Bb5 O-O 9. O-O Bg4 10. h3 Bh5 11. b3 Rc8 12. Bb2 Qd6 13. Be2 Rfd8 14. Nb5 Qe7
15. Nbd4 Bg6 16. Nh4 Ne4 17. Nxg6 hxg6 18. a3 Nxf2 19. Kxf2 Qe5 20. Qd2 Qh2 21.
Nf3 Qc7 22. Qc3 Bf8 23. Bb5 f6 24. Bxc6 bxc6 25. Rac1 c5 26. Rfd1 g5 27. Kg1
Qg3 28. Rxd5 g4 29. Qc4 gxf3 30. Rh5+ 1-0

[Event "Mechanics' Winter TNM; 30/90, SD/30"]
[Site "San Francisco"]
[Date "2010.01.26"]
[Round "4.1"]
[White "Manvelyan, Hayk"]
[Black "Thornally, Frank"]
[Result "1/2-1/2"]
[WhiteElo "2074"]
[BlackElo "2208"]
[PlyCount "97"]
[EventDate "2010.??.??"]

1. e4 c5 2. Nc3 Nc6 3. g3 g6 4. Bg2 Bg7 5. d3 d6 6. f4 Nf6 7. Nf3 O-O 8. O-O
Bg4 9. h3 Bxf3 10. Qxf3 Rb8 11. Be3 Nd7 12. Kh1 b5 13. g4 b4 14. Nd1 Nd4 15.
Qf2 a5 16. c3 bxc3 17. bxc3 Nb5 18. d4 cxd4 19. cxd4 Nb6 20. a4 Nc7 21. Nc3 Nc4
22. Qe2 Nxe3 23. Qxe3 Rb3 24. Rab1 Qb8 25. e5 Rc8 26. Qd2 Ne6 27. Rxb3 Qxb3 28.
Nd5 Rc2 29. Qxa5 Qg3 30. Qa8+ Bf8 31. Nxe7+ Kg7 32. f5 Bxe7 33. fxe6 fxe6 34.
Qb7 Kh6 35. Qf3 Qxf3 36. Bxf3 dxe5 37. dxe5 Rc5 38. Re1 Bh4 39. Re2 Bg3 40. Kg2
Bxe5 41. h4 g5 42. h5 Kg7 43. Ra2 Bc3 44. Rc2 Rc7 45. a5 Bxa5 46. Rxc7+ Bxc7
47. Be4 h6 48. Kf3 Kf6 49. Bb7 1/2-1/2

[Event "Mechanics' Winter TNM; 30/90, SD/30"]
[Site "San Francisco"]
[Date "2010.02.16"]
[Round "7.5"]
[White "Manvelyan, Hayk"]
[Black "Todortsev, Victor"]
[Result "1-0"]
[WhiteElo "2074"]
[BlackElo "1955"]
[PlyCount "53"]
[EventDate "2010.??.??"]

1. e4 e5 2. f4 d5 3. exd5 e4 4. Nc3 Nf6 5. Bb5+ c6 6. dxc6 bxc6 7. Bc4 Qd4 8.
Qe2 Be7 9. d3 Bb4 10. Nf3 Bxc3+ 11. Kf1 Qb6 12. bxc3 O-O 13. dxe4 Bg4 14. h3
Bc8 15. g4 c5 16. e5 Re8 17. Ng5 Re7 18. Nxf7 Be6 19. Ng5 Qc6 20. Rh2 Nd5 21.
Qe4 Nf6 22. Bxe6+ Rxe6 23. Qxc6 Nxc6 24. Nxe6 Ne4 25. Be3 Nxc3 26. Bxc5 Re8 27.
Nd4 1-0

[Event "Mechanics' Winter TNM; 30/90, SD/30"]
[Site "San Francisco"]
[Date "2010.02.16"]
[Round "7.9"]
[White "Manvelyan, Hovik"]
[Black "Askin, David"]
[Result "1-0"]
[WhiteElo "1953"]
[BlackElo "1749"]
[PlyCount "69"]
[EventDate "2010.??.??"]

1. Nf3 d5 2. b3 Nf6 3. Bb2 Bg4 4. e3 e6 5. Be2 Bd6 6. d3 O-O 7. Nbd2 Re8 8. Ne5
Bxe2 9. Qxe2 Nbd7 10. f4 c5 11. O-O Nf8 12. Ndf3 Ng6 13. g4 Bxe5 14. Nxe5 Nxe5
15. Bxe5 Rc8 16. c4 Nd7 17. Bc3 dxc4 18. dxc4 e5 19. Rad1 Qe7 20. Qf3 e4 21.
Qg2 Nf8 22. f5 Qg5 23. Rf4 Rcd8 24. Rd5 Rxd5 25. cxd5 Qe7 26. g5 g6 27. f6 Qd6
28. Rxe4 Rd8 29. Re5 Nd7 30. Re7 Qa6 31. Qe4 Nf8 32. Rxf7 Qe2 33. Rxf8+ Rxf8
34. Qe6+ Rf7 35. Qe8+ 1-0

[Event "Mechanics' Winter TNM; 30/90, SD/30"]
[Site "San Francisco"]
[Date "2010.02.02"]
[Round "5.4"]
[White "Manvelyan, Hovik"]
[Black "Gaffagan, Steven"]
[Result "1/2-1/2"]
[WhiteElo "1953"]
[BlackElo "2016"]
[PlyCount "76"]
[EventDate "2010.??.??"]

1. c4 e6 2. Nf3 Nf6 3. Nc3 d5 4. d4 dxc4 5. e4 Bb4 6. Bg5 h6 7. Bxf6 Qxf6 8.
Bxc4 c5 9. O-O O-O 10. a3 Bxc3 11. bxc3 b6 12. Qc2 cxd4 13. cxd4 Bb7 14. Ne5
Rd8 15. Rad1 Nd7 16. Ng4 Qf4 17. f3 h5 18. Nf2 Rac8 19. Qe2 Qc7 20. Bb3 Qc3 21.
Qa2 Nf6 22. Rd3 Qa5 23. Rfd1 h4 24. h3 Nh5 25. R3d2 Ng3 26. Ng4 Qg5 27. d5 exd5
28. Bxd5 Bxd5 29. Rxd5 Rxd5 30. Qxd5 Qe7 31. Qd3 Qc5+ 32. Kh2 Qc7 33. e5 Qc4
34. Qd7 Rf8 35. Qe7 Qf4 36. Kg1 Nf5 37. Qxa7 Ne3 38. Nxe3 Qxe3+ 1/2-1/2

[Event "Mechanics' Winter TNM; 30/90, SD/30"]
[Site "San Francisco"]
[Date "2010.01.19"]
[Round "3.2"]
[White "Manvelyan, Hovik"]
[Black "Jones, James"]
[Result "1-0"]
[WhiteElo "1953"]
[BlackElo "2075"]
[PlyCount "79"]
[EventDate "2010.??.??"]

1. e4 c5 2. Nc3 g6 3. g3 Bg7 4. Bg2 Nc6 5. d3 d6 6. f4 e6 7. Nf3 Nge7 8. O-O
O-O 9. Rb1 Rb8 10. a3 b5 11. Bd2 a5 12. a4 bxa4 13. Nxa4 Ba6 14. Bc3 Nd4 15.
Qd2 Nec6 16. b3 Bb5 17. Nxd4 Bxd4+ 18. Bxd4 Nxd4 19. Ra1 Qc7 20. Ra3 Rfd8 21.
Rfa1 d5 22. exd5 exd5 23. Nc3 c4 24. Nxd5 Qc5 25. Nf6+ Kg7 26. Ne4 Nf3+ 27. Kh1
Qh5 28. Qc3+ Kh6 29. h3 Nd4 30. bxc4 Bc6 31. Rxa5 f5 32. Re1 Ne2 33. Qf6 Nxg3+
34. Kh2 Nxe4 35. dxe4 Rd2 36. Qxc6 Qf3 37. Rg1 Rb1 38. Qc5 Qxf4+ 39. Kh1 Qg3
40. Qf8+ 1-0

[Event "Mechanics' Winter TNM; 30/90, SD/30"]
[Site "San Francisco"]
[Date "2010.01.05"]
[Round "2.13"]
[White "Manvelyan, Hovik"]
[Black "Starr, Albert"]
[Result "1-0"]
[WhiteElo "1953"]
[BlackElo "1500"]
[PlyCount "59"]
[EventDate "2010.??.??"]

1. d4 f5 2. h3 Nf6 3. g4 fxg4 4. hxg4 Nxg4 5. Qd3 g6 6. Nf3 d5 7. Nh4 Bg7 8.
Nxg6 hxg6 9. Qxg6+ Kd7 10. Qxg4+ Kc6 11. Qg6+ Bf6 12. Rxh8 Qxh8 13. Bg5 Nd7 14.
Nc3 Nf8 15. Bxf6 exf6 16. Qd3 a6 17. Bg2 Be6 18. Nxd5 Bxd5 19. Qc4+ Kd7 20.
Qxd5+ Ke7 21. Qxb7 Rd8 22. Qxc7+ Rd7 23. Qc5+ Kf7 24. O-O-O Ne6 25. Bd5 Qe8 26.
Qc4 Re7 27. Rg1 Kf8 28. f4 Ng7 29. Qxa6 Rxe2 30. Qxf6+ 1-0

[Event "Mechanics' Winter TNM; 30/90, SD/30"]
[Site "San Francisco"]
[Date "2010.02.16"]
[Round "7.17"]
[White "Mar, Henry"]
[Black "Bultman, Charles"]
[Result "1-0"]
[WhiteElo "1500"]
[BlackElo "1714"]
[PlyCount "43"]
[EventDate "2010.??.??"]

1. e4 c5 2. Nf3 d6 3. d3 Nf6 4. g3 g6 5. Bg2 Bg7 6. O-O O-O 7. Re1 Nc6 8. Nbd2
Qc7 9. Nf1 b5 10. c3 Bd7 11. Ne3 e6 12. h4 d5 13. exd5 Nxd5 14. Nxd5 exd5 15.
Bf4 Qb6 16. Qd2 Rfe8 17. Ng5 d4 18. Bd5 Rxe1+ 19. Rxe1 Be6 20. Nxe6 fxe6 21.
Rxe6 Qd8 22. Rd6+ 1-0

[Event "Mechanics' Winter TNM; 30/90, SD/30"]
[Site "San Francisco"]
[Date "2010.01.05"]
[Round "2.14"]
[White "Mar, Henry"]
[Black "Liu, Daniel"]
[Result "0-1"]
[WhiteElo "1500"]
[BlackElo "1949"]
[PlyCount "34"]
[EventDate "2010.??.??"]

1. e4 c5 2. Nf3 Nc6 3. d4 cxd4 4. Nxd4 g6 5. Be3 Nf6 6. Nc3 Bg7 7. f3 O-O 8.
Qd2 d5 9. O-O-O dxe4 10. fxe4 Ng4 11. Bg1 Bh6 12. Qxh6 Nxh6 13. Ne6 Bxe6 14.
Rxd8 Raxd8 15. h3 f5 16. Bd3 fxe4 17. Bxe4 Rf1+ 0-1

[Event "Mechanics' Winter TNM; 30/90, SD/30"]
[Site "San Francisco"]
[Date "2010.01.19"]
[Round "3.22"]
[White "Mar, Henry"]
[Black "Olson, David"]
[Result "1-0"]
[WhiteElo "1500"]
[BlackElo "1547"]
[PlyCount "86"]
[EventDate "2010.??.??"]

1. e4 c5 2. Nf3 Nc6 3. d4 cxd4 4. Nxd4 e5 5. Nb5 Qa5+ 6. N1c3 Nf6 7. f3 Qd8 8.
Nd6+ Bxd6 9. Qxd6 Qe7 10. Qxe7+ Nxe7 11. Bg5 O-O 12. Bxf6 gxf6 13. Nb5 d5 14.
Nc7 Rb8 15. exd5 Rd8 16. O-O-O Bf5 17. g4 Bg6 18. h4 h6 19. h5 Bh7 20. d6 Nc6
21. c3 a6 22. d7 Kf8 23. Ne8 Ke7 24. Rh2 Rxd7 25. Rxd7+ Kxd7 26. Nxf6+ Ke7 27.
Nxh7 Rh8 28. Bd3 b5 29. Be4 Nd8 30. Rd2 Ne6 31. Bf5 Rc8 32. a3 Rc7 33. Re2 f6
34. Bxe6 Kxe6 35. Nf8+ Kf7 36. Ng6 Rd7 37. Kc2 Rd6 38. f4 exf4 39. Nxf4 Rc6 40.
Ng6 Rc7 41. Nh4 Rc4 42. Rg2 Rf4 43. Nf5 Ke6 1-0

[Event "Mechanics' Winter TNM; 30/90, SD/30"]
[Site "San Francisco"]
[Date "2010.02.02"]
[Round "5.16"]
[White "Mar, Henry"]
[Black "Shnaiderman, Lazar"]
[Result "0-1"]
[WhiteElo "1500"]
[BlackElo "1873"]
[PlyCount "87"]
[EventDate "2010.??.??"]

1. e4 c5 2. Nf3 g6 3. d4 cxd4 4. Nxd4 Nc6 5. Be3 Bg7 6. Nc3 Nf6 7. f3 O-O 8.
Qd2 d5 9. exd5 Nxd5 10. Nxd5 Qxd5 11. O-O-O Qxa2 12. c3 Nxd4 13. Bxd4 Bf5 14.
Bd3 Bxd4 15. Bxf5 Bxc3 16. bxc3 Qxd2+ 17. Rxd2 gxf5 18. Rd7 e6 19. Rxb7 Kg7 20.
Rd1 a5 21. Rdd7 h5 22. Ra7 Rxa7 23. Rxa7 Rc8 24. Kc2 Rc5 25. Rd7 Kf6 26. f4 Rc4
27. g3 Re4 28. Kd3 Re1 29. Kc2 Re2+ 30. Rd2 Rxd2+ 31. Kxd2 e5 32. fxe5+ Kxe5
33. Kc2 Kd5 34. Kb3 Kc5 35. c4 a4+ 36. Kc3 f6 37. h4 a3 38. Kb3 a2 39. Kxa2
Kxc4 40. Ka3 Kd4 41. Kb4 Ke3 42. Kc4 Kf3 43. Kd5 Kxg3 44. Ke6 0-1

[Event "Mechanics' Winter TNM; 30/90, SD/30"]
[Site "San Francisco"]
[Date "2010.02.02"]
[Round "5.12"]
[White "Margulis, Igor"]
[Black "Capdeville, Barry"]
[Result "1-0"]
[WhiteElo "2128"]
[BlackElo "1133"]
[PlyCount "65"]
[EventDate "2010.??.??"]

1. e4 e5 2. Bc4 Nf6 3. d4 Nxe4 4. dxe5 Bc5 5. Bxf7+ Kf8 6. Bd5 Nd6 7. Qf3+ Ke8
8. exd6 Qf6 9. Qxf6 gxf6 10. dxc7 Na6 11. Bf4 d6 12. Nd2 Nxc7 13. Bb3 Be6 14.
Ne4 Bxb3 15. Nxc5 Bd5 16. f3 b6 17. Ne4 Bxe4 18. fxe4 Ne6 19. Bxd6 Rd8 20.
O-O-O Ng5 21. Nf3 Nxe4 22. Rhe1 f5 23. Ng5 h6 24. Nxe4 fxe4 25. Rxe4+ Kf7 26.
Rf1+ Kg6 27. Rg4+ Kh5 28. h3 Rhg8 29. Be7 Rxg4 30. hxg4+ Kxg4 31. Bxd8 Kg3 32.
Rf7 Kxg2 33. Rxa7 1-0

[Event "Mechanics' Winter TNM; 30/90, SD/30"]
[Site "San Francisco"]
[Date "2010.01.05"]
[Round "2.3"]
[White "Margulis, Igor"]
[Black "Litowsky, Daniel"]
[Result "1-0"]
[WhiteElo "2128"]
[BlackElo "1705"]
[PlyCount "57"]
[EventDate "2010.??.??"]

1. e4 e5 2. Bc4 Nf6 3. d4 Nc6 4. Nf3 Bd6 5. dxe5 Nxe5 6. Nxe5 Bxe5 7. f4 Bd6 8.
e5 Qe7 9. Qe2 O-O 10. exf6 Qxf6 11. O-O Bc5+ 12. Kh1 c6 13. Qe5 Bd4 14. Qxf6
Bxf6 15. Nc3 d5 16. Bd3 Bxc3 17. bxc3 b5 18. Ba3 Re8 19. Rae1 Bb7 20. Bc5 a5
21. Re5 f6 22. Rxe8+ Rxe8 23. Kg1 g6 24. Kf2 Kf7 25. Re1 Re6 26. Rxe6 Kxe6 27.
f5+ gxf5 28. Ke3 Bc8 29. Kf4 1-0

[Event "Mechanics' Winter TNM; 30/90, SD/30"]
[Site "San Francisco"]
[Date "2010.01.05"]
[Round "2.18"]
[White "Montoya, Daniel"]
[Black "Newey, Richard"]
[Result "0-1"]
[WhiteElo "1398"]
[BlackElo "1754"]
[PlyCount "47"]
[EventDate "2010.??.??"]

1. e4 c5 2. d4 cxd4 3. c3 dxc3 4. Nxc3 Nc6 5. Nf3 d6 6. Bc4 e6 7. O-O a6 8. Qe2
Nge7 9. Bg5 h6 10. Bh4 g5 11. Bg3 Ng6 12. Rfd1 Be7 13. Rac1 O-O 14. e5 d5 15.
Nxd5 exd5 16. Bxd5 Qb6 17. e6 f5 18. Bd6 Nf4 19. Qd2 Nxd5 20. Qxd5 Qxb2 21. Ne5
Nxe5 22. Bxe7 Re8 23. Bf6 Bxe6 24. Qxb7 0-1

[Event "Mechanics' Winter TNM; 30/90, SD/30"]
[Site "San Francisco"]
[Date "2010.01.26"]
[Round "4.22"]
[White "Montoya, Daniel"]
[Black "Yamamoto, Craig"]
[Result "0-1"]
[WhiteElo "1398"]
[BlackElo "1651"]
[PlyCount "122"]
[EventDate "2010.??.??"]

1. e4 c5 2. d4 cxd4 3. c3 d3 4. Bxd3 d6 5. Nf3 g6 6. O-O Bg7 7. c4 Nc6 8. Nc3
Nf6 9. Be3 O-O 10. Rc1 Bg4 11. h3 Bxf3 12. Qxf3 Ne5 13. Qd1 Nxd3 14. Qxd3 Nd7
15. Rfd1 Nc5 16. Qd5 Rc8 17. b3 Qa5 18. Bd4 Bxd4 19. Qxd4 a6 20. Rb1 Ne6 21.
Qd2 Qc5 22. Nd5 Rfe8 23. Kh1 Nc7 24. f3 Nxd5 25. Qxd5 b6 26. Ra1 Qxd5 27. exd5
b5 28. Rac1 bxc4 29. Rxc4 Rxc4 30. bxc4 Rb8 31. Re1 Kf8 32. Re3 Rb4 33. Rc3 Ra4
34. a3 e6 35. f4 exd5 36. cxd5 Rxf4 37. Rc6 Ra4 38. Rxd6 Ke7 39. Rb6 Rxa3 40.
d6+ Kd7 41. Rb7+ Kxd6 42. Rxf7 a5 43. Rxh7 Ke6 44. Ra7 a4 45. Kg1 Ra2 46. Kf1
a3 47. Ke1 Ra1+ 48. Kd2 a2 49. Kc2 Rg1 50. Rxa2 Rxg2+ 51. Kb1 Rxa2 52. Kxa2 g5
53. Kb2 Kf5 54. Kc2 Kf4 55. Kd2 Kg3 56. Ke2 Kg2 57. Ke1 Kxh3 58. Kf1 Kh2 59.
Kf2 g4 60. Kf1 g3 61. Ke2 g2 0-1

[Event "Mechanics' Winter TNM; 30/90, SD/30"]
[Site "San Francisco"]
[Date "2010.01.26"]
[Round "4.20"]
[White "Morgan, Jerry"]
[Black "Campers, Willie"]
[Result "0-1"]
[WhiteElo "1441"]
[BlackElo "1693"]
[PlyCount "68"]
[EventDate "2010.??.??"]

1. f4 d5 2. Nf3 d4 3. d3 c5 4. e4 Bg4 5. Be2 Nf6 6. O-O Nc6 7. Na3 a6 8. Nc4
Bxf3 9. Bxf3 b5 10. e5 Nd5 11. Nd2 Rc8 12. Ne4 e6 13. Bh5 Be7 14. Bxf7+ Kxf7
15. Ng5+ Bxg5 16. fxg5+ Kg8 17. Qg4 Qe8 18. Qe4 Qg6 19. Qe2 Nce7 20. g4 c4 21.
Rf3 Nb4 22. a3 cxd3 23. cxd3 Nc2 24. Ra2 Nd5 25. b4 Nce3 26. Bxe3 Nxe3 27. Rxe3
dxe3 28. Qxe3 h6 29. Qb6 Kh7 30. h4 Rc1+ 31. Kg2 Qxd3 32. Qf2 Qe4+ 33. Qf3 Rg1+
34. Kf2 Qe1# 0-1

[Event "Mechanics' Winter TNM; 30/90, SD/30"]
[Site "San Francisco"]
[Date "2010.01.12"]
[Round "2.22"]
[White "Morgan, Jerry"]
[Black "Woebcke, Carl"]
[Result "0-1"]
[WhiteElo "1441"]
[BlackElo "1649"]
[PlyCount "54"]
[EventDate "2010.??.??"]

1. f4 d5 2. Nf3 c5 3. e3 Nc6 4. Bb5 Bd7 5. b3 Nf6 6. Bb2 e6 7. O-O Be7 8. Bxc6
Bxc6 9. Ne5 Rc8 10. d3 O-O 11. Nd2 b5 12. Ndf3 Ba8 13. Qe1 Ne8 14. Qg3 f6 15.
Ng4 Nd6 16. Nh4 Kh8 17. Qh3 Rf7 18. Rf3 Nf5 19. Nxf5 exf5 20. Nf2 d4 21. e4
fxe4 22. dxe4 f5 23. Re1 Rc6 24. Rd3 fxe4 25. Nxe4 Re6 26. Qf3 Bh4 27. Re2 Rfe7
0-1

[Event "Mechanics' Winter TNM; 30/90, SD/30"]
[Site "San Francisco"]
[Date "2010.02.23"]
[Round "8.20"]
[White "Nelson, Christopher"]
[Black "Blum, Paul"]
[Result "1-0"]
[WhiteElo "1613"]
[BlackElo "629"]
[PlyCount "55"]
[EventDate "2010.??.??"]

1. e4 Nc6 2. f4 e6 3. Nf3 b6 4. d4 Bb7 5. a3 d6 6. b4 Nf6 7. Bd3 Ne7 8. Qe2 Qd7
9. O-O O-O-O 10. c4 d5 11. Ne5 Qe8 12. cxd5 exd5 13. Nc3 dxe4 14. Bc4 Ned5 15.
Nxe4 Nxe4 16. Qxe4 f6 17. Qf5+ Kb8 18. Nf3 Ne3 19. Bxe3 Qxe3+ 20. Kh1 Bxf3 21.
Rxf3 Qxd4 22. Rc1 g6 23. Qe6 Bh6 24. Qc6 Rd6 25. Qb5 Qb2 26. Re1 Qxa3 27. Rxa3
Bxf4 28. Qa6 1-0

[Event "Mechanics' Winter TNM; 30/90, SD/30"]
[Site "San Francisco"]
[Date "2010.01.12"]
[Round "2.16"]
[White "Nelson, Christopher"]
[Black "Goodall, Mike"]
[Result "1-0"]
[WhiteElo "1613"]
[BlackElo "1900"]
[PlyCount "75"]
[EventDate "2010.??.??"]

1. d4 Nf6 2. Nf3 g6 3. Bg5 Bg7 4. e3 c5 5. Nbd2 d5 6. c3 b6 7. Bd3 O-O 8. Qe2
Bb7 9. O-O Ne4 10. Bf4 Nd7 11. Rfe1 Re8 12. Nf1 e5 13. dxe5 Nxe5 14. Bxe5 Bxe5
15. Nxe5 Rxe5 16. f3 Nf6 17. f4 Re7 18. f5 a6 19. Rad1 b5 20. Qf2 Ne4 21. Bxe4
Rxe4 22. Ng3 Re5 23. f6 Re6 24. Rf1 Qb6 25. Qf4 Qd6 26. Qg5 Qe5 27. Nf5 Kh8 28.
Qh6 Qxf6 29. Nd6 Rxd6 30. Rxf6 Rxf6 31. Qg5 Kg7 32. Qe5 Rc8 33. Rf1 Rcc6 34. g4
Rce6 35. Qc7 Bc6 36. Rxf6 Kxf6 37. g5+ Kg7 38. Kf2 1-0

[Event "Mechanics' Winter TNM; 30/90, SD/30"]
[Site "San Francisco"]
[Date "2010.02.16"]
[Round "7.22"]
[White "Nelson, Christopher"]
[Black "Montoya, Daniel"]
[Result "0-1"]
[WhiteElo "1613"]
[BlackElo "1398"]
[PlyCount "70"]
[EventDate "2010.??.??"]

1. d4 d5 2. Nf3 Nc6 3. Bf4 Nf6 4. e3 Bg4 5. Nbd2 e6 6. c3 Bd6 7. Bg5 e5 8. e4
exd4 9. exd5 dxc3 10. bxc3 Ne5 11. Qa4+ c6 12. Nxe5 Bxe5 13. Bxf6 Qxf6 14. Qxg4
O-O 15. Bd3 Bxc3 16. Rd1 Rfe8+ 17. Kf1 Rad8 18. Ne4 Qd4 19. Qf3 Rxd5 20. g4
Rxe4 21. Be2 Qe5 22. Rxd5 cxd5 23. h4 Rf4 24. Qd3 Qe4 25. Qh3 d4 26. g5 Qe6 27.
Qd3 Qxa2 28. Kg2 Qe6 29. Rd1 Qe4+ 30. Kg3 Rxh4 31. Qe3 Qxe3+ 32. fxe3 Re4 33.
Bd3 Rxe3+ 34. Kf4 Re1 35. Rb1 Rxb1 0-1

[Event "Mechanics' Winter TNM; 30/90, SD/30"]
[Site "San Francisco"]
[Date "2010.01.26"]
[Round "4.17"]
[White "Nelson, Christopher"]
[Black "Periwal, Prashant"]
[Result "0-1"]
[WhiteElo "1613"]
[BlackElo "1839"]
[PlyCount "80"]
[EventDate "2010.??.??"]

1. d4 d5 2. Nf3 b6 3. Bf4 e6 4. e3 Bd6 5. Ne5 Ne7 6. Qg4 O-O 7. Bd3 f5 8. Qg3
Nd7 9. Nd2 Bxe5 10. Bxe5 Nxe5 11. Qxe5 Ng6 12. Qg3 f4 13. exf4 Nxf4 14. c3
Nxd3+ 15. Qxd3 a5 16. Nf3 Ba6 17. Qe3 Qf6 18. Ne5 Rad8 19. f3 Rd6 20. g3 Qf5
21. O-O-O c5 22. Rhe1 c4 23. h3 b5 24. h4 b4 25. Rd2 Rb8 26. g4 Qf6 27. h5 Bb5
28. f4 Be8 29. Rf2 a4 30. f5 Qh4 31. fxe6 Rxe6 32. Ref1 Rf6 33. Rxf6 gxf6 34.
Nf3 Qh3 35. Qe6+ Kg7 36. h6+ Qxh6+ 37. g5 Qg6 38. gxf6+ Qxf6 39. Rg1+ Bg6 40.
Qd7+ Kh8 {
Both players, in extreme time pressure, quit keeping score at this point.} 0-1

[Event "Mechanics' Winter TNM; 30/90, SD/30"]
[Site "San Francisco"]
[Date "2010.02.23"]
[Round "8.15"]
[White "Newey, Richard"]
[Black "Bultman, Charles"]
[Result "1-0"]
[WhiteElo "1754"]
[BlackElo "1714"]
[PlyCount "71"]
[EventDate "2010.??.??"]

1. e4 c5 2. Nf3 d6 3. d4 cxd4 4. Nxd4 Nf6 5. Nc3 a6 6. Be2 e5 7. Nb3 Be7 8. Be3
Be6 9. O-O Nbd7 10. a4 O-O 11. f4 exf4 12. Rxf4 Ne5 13. Nd5 Bxd5 14. exd5 Qc7
15. c4 Rfe8 16. a5 Rac8 17. Bb6 Qd7 18. Qf1 Bf8 19. Nd4 Ng6 20. Rf3 Ne4 21. Rd1
Ne5 22. Re3 Ng4 23. Bxg4 Qxg4 24. Rf3 Nf6 25. b3 Qe4 26. Nf5 Qe2 27. Nh6+ gxh6
28. Rxf6 Qxf1+ 29. Rdxf1 Re7 30. Rxd6 Re2 31. Rdf6 Bc5+ 32. Bxc5 Rxc5 33. Rxf7
Rxa5 34. R7f3 Re7 35. Rg3+ Kh8 36. Rf8# 1-0

[Event "Mechanics' Winter TNM; 30/90, SD/30"]
[Site "San Francisco"]
[Date "2010.01.19"]
[Round "3.15"]
[White "Newey, Richard"]
[Black "Capdeville, Barry"]
[Result "1/2-1/2"]
[WhiteElo "1754"]
[BlackElo "1133"]
[PlyCount "117"]
[EventDate "2010.??.??"]

1. e4 e5 2. Nf3 Nf6 3. Nxe5 d6 4. Nf3 Nxe4 5. d4 d5 6. Be2 Nc6 7. O-O Be7 8.
Bf4 O-O 9. Nc3 Nxc3 10. bxc3 Bg4 11. Rb1 b6 12. Re1 Bf6 13. Qd2 Bxf3 14. Bxf3
Qd7 15. h3 Ne7 16. Be5 Bxe5 17. Rxe5 c6 18. Rbe1 Ng6 19. R5e3 Rae8 20. Qd3 Re7
21. Qa6 Rxe3 22. Rxe3 Re8 23. Bg4 Qd8 24. Qxa7 Rxe3 25. fxe3 Qe7 26. Qxe7 Nxe7
27. Kf2 f5 28. Bf3 Kf7 29. Ke2 b5 30. g4 g6 31. Kd3 Nc8 32. gxf5 gxf5 33. Bh5+
Ke6 34. Be8 Ne7 35. h4 Kf6 36. Ke2 Kg7 37. Kf3 Kf6 38. Bd7 h6 39. Kg3 Kf7 40.
h5 Kg7 41. Kf4 Kf6 42. Be8 Ke6 43. Kg3 Kf6 44. Bd7 Kg5 45. Be8 Kf6 46. Kf4 Ke6
47. Kf3 Kf6 48. c4 dxc4 49. e4 fxe4+ 50. Kxe4 Ke6 51. c3 Kd6 52. Bf7 Nd5 53.
Bxd5 cxd5+ 54. Ke3 Ke6 55. Kf4 Kf6 56. a3 Ke6 57. Kg4 Kf6 58. Kf4 Ke6 59. Kg4
1/2-1/2